Witamy w Bibliotece Naukowej Instytutu Łączności!

Technika promyslennogo televidenija / (Rekord nr 8546)

000 -LEADER
fixed length control field 00407 a2200121 4500
100 1# - MAIN ENTRY--PERSONAL NAME
Personal name Kondrat'ev, A.G..
Relator term Autor
245 0# - TITLE STATEMENT
Title Technika promyslennogo televidenija /
Statement of responsibility, etc Kondrat'ev A.G., Lukin M.I..
260 ## - PUBLICATION, DISTRIBUTION, ETC. (IMPRINT)
Place of publication, distribution, etc Leningrad :
Name of publisher, distributor, etc Lenizdat,
Date of publication, distribution, etc 1970.
300 ## - PHYSICAL DESCRIPTION
Extent 501 s.;
Dimensions 25 cm.
490 1# - SERIES STATEMENT
Series statement Bibliotheque de l'Automaticien
700 1# - ADDED ENTRY--PERSONAL NAME
Personal name Lukin, M.I..
Relator term Autor
710 2# - ADDED ENTRY--CORPORATE NAME
Corporate name or jurisdiction name as entry element Lenizdat.
Relator term Wydawca
Relator code pbl
830 #0 - SERIES ADDED ENTRY--UNIFORM TITLE
Uniform title Bibliotheque de l'Automaticien

Brak dostępnych egzemplarzy.

Działa dzięki Koha